Материалы гидрометеорологических наблюдений на полевых и лесных парных водосборах. Вып. 3. 1974-1975 гг. Ч. 2: Водосборы Северного УГКС и Центральной высотной ГМО (Запись № 6033729)

Подробности
000 -МАРКЕР
контрольное поле 01949nam2a22002771 4500
001 - ИДЕНТИФИКАТОР ЗАПИСИ
контрольное поле rc\3179674
005 - ИДЕНТИФИКАТОР ВЕРСИИ
контрольное поле 20250530091606.0
021 ## - НОМЕР ГОСУДАРСТВЕННОЙ РЕГИСТРАЦИИ
Код страны Российская Федерация
Номер 81-89467
021 ## - НОМЕР ГОСУДАРСТВЕННОЙ РЕГИСТРАЦИИ
Код страны Российская Федерация
Номер Рг2273-81
035 ## - ДРУГИЕ СИСТЕМНЫЕ НОМЕРА
Идентификатор записи (NLR Aleph) 007333453
100 ## - ДАННЫЕ ОБЩЕЙ ОБРАБОТКИ
Данные общей обработки 20120628d1980 |||y0rusy50 ca
101 0# - ЯЗЫК РЕСУРСА
Язык текста, звукозаписи и т.д. русский
102 ## - СТРАНА ПУБЛИКАЦИИ ИЛИ ПРОИЗВОДСТВА
Страна публикации Российская Федерация
105 ## - ПОЛЕ КОДИРОВАННЫХ ДАННЫХ: ТЕКСТОВЫЕ МАТЕРИАЛЫ, МОНОГРАФИЧЕСКИЕ
Кодированные данные о монографическом текстовом документе y z |||||
200 1# - ЗАГЛАВИЕ И СВЕДЕНИЯ ОБ ОТВЕТСТВЕННОСТИ
Основное заглавие Водосборы Северного УГКС и Центральной высотной ГМО
Первые сведения об ответственности [Под ред. Н.И. Капотовой и др.]
Последующие сведения об ответственности Гос. ком. СССР по гидрометеорологии и контролю природной среды, Гос. гидрол. ин-т
210 ## - ПУБЛИКАЦИЯ, РАСПРОСТРАНЕНИЕ И ДР.
Место издания, распространения и т.д. Ленинград
Дата издания, распространения и т.д. 1980
215 ## - ФИЗИЧЕСКАЯ ХАРАКТЕРИСТИКА
Специфическое обозначение материала и объем 154 с.
Размеры 29
461 #0 - УРОВЕНЬ НАБОРА
Встроенное поле 001rc\3179666
-- 2001#$aМатериалы гидрометеорологических наблюдений на полевых и лесных парных водосборах$fГл. упр. гидрометеорол. службы при Совете Министров СССР. Гидрометеорол. науч.-исслед. центр СССР$vВып. 3. 1974-1975 гг. Ч. 2
Системный номер (АБИС) связанной записи 6033653
Место публикации Москва
Дата публикации 1975
Первые сведения об ответственности Гл. упр. гидрометеорол. службы при Совете Министров СССР. Гидрометеорол. науч.-исслед. центр СССР
Имя издателя, распространителя и т.д. Б. и.
Заглавие Материалы гидрометеорологических наблюдений на полевых и лесных парных водосборах
Номер тома Вып. 3. 1974-1975 гг. Ч. 2
532 12 - РАСШИРЕННОЕ ЗАГЛАВИЕ
Заглавие Водосборы Северного Управления гидрометеорологии и контроля природной среды и Центральной высотной ГМО
702 #1 - ИМЯ ЛИЦА - ВТОРИЧНАЯ ОТВЕТСТВЕННОСТЬ
Начальный элемент ввода Капотова
Часть имени, кроме начального элемента ввода Н.И.
Расширение инициалов личного имени Наталия Ивановна
Код отношения Редактор
801 #0 - ИСТОЧНИК ЗАПИСИ
Страна Российская Федерация
Организация NLR
Правила каталогизации psbo
801 #1 - ИСТОЧНИК ЗАПИСИ
Страна Российская Федерация
Организация ELAR
Источник данных rusmarc
852 ## - МЕСТОНАХОЖДЕНИЕ И ШИФР ХРАНЕНИЯ
Идентификатор организации NLR
Шифр хранения (Call Number) 75-7/895
942 ## - ДОПОЛНИТЕЛЬНЫЕ ЭЛЕМЕНТЫ ЗАПИСИ (АБИС)
Тип экземпляра АБИС Книга
980 ## - КОЛЛЕКЦИЯ
Название коллекции Национальная библиография
Экземпляры
Тип экземпляра Дата поступления Библиотека постоянного хранения Библиотека текущего хранения Место хранения Шифр хранения Штрих-код Статус экземпляра
Книга 26.10.2013 РНБ (Московский) РНБ (Московский) Русский книжный фонд: издания с 1957 года 75-7/895 7333453-10